Mechanics of materials (Record no. 6027)

000 -LEADER
fixed length control field 00600nam a2200229 i 4500
001 - CONTROL NUMBER
control field 6027
003 - CONTROL NUMBER IDENTIFIER
control field BD-DhUET
008 - FIXED-LENGTH DATA ELEMENTS--GENERAL INFORMATION
fixed length control field 770505s1978 nyua 001 0 eng
040 ## - CATALOGING SOURCE
Original cataloging agency DLC
Transcribing agency DLC
Modifying agency BD-DhUET
082 00 - DEWEY DECIMAL CLASSIFICATION NUMBER
Classification number 620.11
Item number HIG/1978
100 ## - MAIN ENTRY--PERSONAL NAME
Personal name Higdon, Archie
245 00 - TITLE STATEMENT
Title Mechanics of materials
250 ## - EDITION STATEMENT
Edition statement 3rd ed.
260 ## - PUBLICATION, DISTRIBUTION, ETC. (IMPRINT)
Place of publication, distribution, etc. New York
Name of publisher, distributor, etc. John Wiley and Sons
Date of publication, distribution, etc. 1978
300 ## - PHYSICAL DESCRIPTION
Extent xiv, 752 p.
Other physical details ill.
Dimensions 24 cm.
504 ## - BIBLIOGRAPHY, ETC. NOTE
Bibliography, etc Includes bibliographies
650 #0 - SUBJECT ADDED ENTRY--TOPICAL TERM
Topical term or geographic name as entry element Strength of materials
700 ## - ADDED ENTRY--PERSONAL NAME
Personal name Ohlsen, Wdward H.
700 ## - ADDED ENTRY--PERSONAL NAME
Personal name Stiles , William B.
700 ## - ADDED ENTRY--PERSONAL NAME
Personal name Weese, John A.
942 ## - ADDED ENTRY ELEMENTS (KOHA)
Koha item type General Book
Holdings
Date acquired Koha full call number Koha collection Lost status Koha issues (times borrowed) Source of classification or shelving scheme Koha date last borrowed Koha normalized classification for sorting Damaged status Location (home branch) Sublocation or collection (holding branch) Koha renewals Withdrawn status Price effective from Koha date last seen Not for loan Copy number Shelving location Piece designation (barcode) Koha item type
2014-11-29620.11/HIG/1978     620_110000000000000_HIG_1978 Central Library, BUETCentral Library, BUET  2014-11-292014-11-29 7Circulation section61731General Book
2014-12-02620.11/HIG/1978     620_110000000000000_HIG_1978 Central Library, BUETCentral Library, BUET  2014-12-022014-12-02 2Circulation section61725General Book
2014-12-02620.11/HIG/1978     620_110000000000000_HIG_1978 Central Library, BUETCentral Library, BUET  2014-12-022014-12-02 3Circulation section61733General Book
2014-12-02620.11/HIG/1978  1 2019-02-27620_000000000000000_11HIG1978 Central Library, BUETCentral Library, BUET1 2014-12-022024-02-13 4Circulation section61727General Book
2014-12-02620.11/HIG/1978     620_110000000000000_HIG_1978 Central Library, BUETCentral Library, BUET  2014-12-022014-12-02 5Circulation section61726General Book
2014-12-02620.11/HIG/1978     620_000000000000000_11HIG1978 Central Library, BUETCentral Library, BUET  2014-12-022014-12-02 6Circulation section61728General Book
2014-12-02620.11/HIG/1978     620_000000000000000_11HIG1978 Central Library, BUETCentral Library, BUET  2014-12-022014-12-02 1Circulation section61730General Book
2014-12-02620.11/HIG/1978     620_000000000000000_11HIG1978 Central Library, BUETCentral Library, BUET  2014-12-022014-12-02 8Circulation section61732General Book
2015-01-10620.11/HIG/1978     620_110000000000000_HIG_1978 Central Library, BUETCentral Library, BUET  2015-01-102015-01-10 9Circulation section61729General Book
2015-01-28620.11/HIG/1978Non Fiction    620_110000000000000_HIG_1978 Central Library, BUETCentral Library, BUET  2015-01-282015-01-28 10Circulation section61734General Book